Statistics for UK Postcode Areas

Click here to take the quiz!

General Stats

  • This quiz has been taken 347 times
  • The average score is 74 of 121

Answer Stats

HintAnswer% Correct
ABAberdeen
96%
BBirmingham
96%
MManchester
90%
OXOxford
90%
CFCardiff
88%
EHEdinburgh
88%
EXExeter
88%
GGlasgow
88%
LSLeeds
88%
BNBrighton
87%
BSBristol
87%
NENewcastle upon Tyne
87%
CBCambridge
86%
LLiverpool
86%
NRNorwich
86%
NGNottingham
85%
IPIpswich
84%
YOYork
84%
CVCoventry
83%
SSheffield
83%
SOSouthampton
83%
BDBradford
82%
LELeicester
82%
MKMilton Keynes
82%
BHBournemouth
81%
IVInverness
81%
PLPlymouth
81%
POPortsmouth
81%
BABath
80%
DEDerby
80%
HUHull
79%
GLGloucester
77%
BTBelfast
76%
CHChester
76%
LULuton
76%
NNNorthampton
76%
PEPeterborough
76%
CACarlisle
75%
SASwansea
75%
DDDundee
74%
WVWolverhampton
74%
FYBlackpool
73%
LNLincoln
73%
TQTorquay
73%
COColchester
71%
TRTruro
71%
NPNewport
70%
EEast London
69%
RGReading
69%
BBBlackburn
68%
HXHalifax
68%
LALancaster
68%
NNorth London
68%
CTCanterbury
67%
DHDurham
67%
STStoke-on-Trent
67%
WWest London
66%
CMChelmsford
64%
GUGuildford
64%
PRPreston
64%
HDHuddersfield
63%
SLSlough
63%
SWSouth West London
63%
BLBolton
62%
OLOldham
62%
SNSwindon
62%
DNDoncaster
61%
NWNorth West London
61%
UBSouthall
61%
ALSt Albans
61%
SESouth East London
59%
WRWorcester
59%
FKFalkirk
58%
PHPerth
58%
WDWatford
57%
ENEnfield
56%
SSSouthend-on-Sea
56%
CRCroydon
55%
HRHereford
55%
SRSunderland
55%
WFWakefield
53%
WAWarrington
53%
HGHarrogate
52%
WNWigan
52%
DLDarlington
51%
SYShrewsbury
51%
LLLlandudno
49%
TATaunton
49%
TFTelford
48%
SKStockport
46%
CWCrewe
45%
SPSalisbury
44%
TWTwickenham
44%
DYDudley
43%
RMRomford
42%
BRBromley
41%
ECEast Central London
41%
WSWalsall
41%
DADartford
40%
DGDumfries
39%
HAHarrow
39%
TNTunbridge Wells
39%
SGStevenage
38%
KTKingston upon Thames
37%
PAPaisley
37%
MEMedway
36%
WCWest Central London
36%
ZELerwick
33%
DTDorchester
31%
TSTeesside
31%
KAKilmarnock
30%
KWKirkwall
30%
MLMotherwell
30%
SMSutton
30%
IGIlford
29%
RHRedhill
29%
KYKirkcaldy
28%
HSHebrides
16%
LDLlandrindod Wells
15%
TDGalashiels
12%
HPHemel Hampstead
12%

Score Distribution

Percentile by Number Answered

Percent of People with Each Score

Your Score History

You have not taken this quiz